Strzelcy Premier League w klubach 2013/14 - Statystyki

Ogólne statystyki
  • Ten quiz został rozwiązany 26 razy
  • Średni wynik to 9 z 20
Statystyki odpowiedzi
Klub Narodowość # Nazwisko % Poprawnych
Liverpool Urugwaj 31 Luis Suárez
100%
Chelsea Belgia 14 Eden Hazard
96%
Everton Belgia 15 Romelu Lukaku
96%
Manchester City WKS 20 Yaya Touré
96%
Manchester United Anglia 17 Wayne Rooney
92%
Tottenham Hotspur Togo 11 Emmanuel Adebayor
85%
Arsenal Francja 16 Olivier Giroud
77%
Aston Villa Belgia 10 Christian Benteke
65%
Swansea City WKS 17 Wilfried Bony
62%
Stoke City Szkocja 8 Charlie Adam
19%
Southampton Anglia 15 Jay Rodríguez
15%
Newcastle United Francja 14 Loïc Rémy
15%
Hull City Chorwacja 5 Nikica Jelavić
15%
West Bromwich Albion Burundi/Benin 5 Saido Berahino/Stéphane Sessègnon
15%
West Ham United Anglia 7 Kevin Nolan
8%
Sunderland Anglia 8 Adam Johnson
4%
Crystal Palace Anglia 7 Dwight Gayle/Jason Puncheon
4%
Fulham Anglia 7 Steve Sidwell
4%
Norwich City Anglia/Szkocja 6 Gary Hooper/Robert Snodgrass
0%
Cardiff City Anglia 7 Jordon Mutch
0%
Nie znaleziono quizów pasujących do podanych kryteriów
Rozkład punktacji
Procent ludzi z każdym wynikiem
Percentyl według liczby udzielonych odpowiedzi
Twoja historia wyników
Nie rozwiązałeś tego quizu